000
00272nam a22001337a 4500
082
_a
823
_b
HER/P
100
_a
HERSLEY, LORRAINE
245
_a
PIRATES
246
_a
PIRATES
_b
PIRATES
260
_a
LONDON
_b
LADYBIRD
300
_a
29
650
_a
ENGLISH STORY
942
_c
BK
999
_c
8772
_d
8772